Countries That Border Mali - Statistics

General Stats
  • This quiz has been taken 15 times
  • The average score is 7 of 7
Answer Stats
Countries % Correct
Burkina Faso
100%
Senegal
100%
Algeria
92%
Guinea
92%
Mauritania
92%
Niger
92%
Cote d'Ivoire
83%
No matching quizzes found
Score Distribution
Percent of People with Each Score
Percentile by Number Answered
Your Score History
You have not taken this quiz